| 000 | 00000nam##2200000za#4500 |
| 001 | 9.558336 |
| 003 | CaOODSP |
| 005 | 20230131161132 |
| 007 | cr ||||||||||| |
| 008 | 150406|2003||||xxc|||||o f|0| 0 eng|d |
| 020 | |a0-662-33528-7 |
| 040 | |aCaOODSP|beng |
| 043 | |an-cn--- |
| 086 | 1 |aM44-2003/C6E-IN |
| 110 | 2 |aGeological Survey of Canada. |
| 245 | 10|aGeology of the Doris North gold deposits, northern Hope Bay volcanic belt, Slave Structural Province, Nunavut / |h[electronic resource]|c[by] R.L. Carpenter, R.L. Sherlock, C. Quang, P. Kleepsies, and R. McLeod. |
| 260 | |aOttawa - Ontario : |bNatural Resources Canada. |cc2003. |
| 300 | |a12p.|bcoloured maps, references, photographs |
| 490 | 1 |aCurrent research 2003|v2003-C6 |
| 546 | |a(Résumé en français.) |
| 590 | |a14-09-Supp|b2014-04-23 |
| 830 | #0|aCurrent research (Geological Survey of Canada)|v2003-C6|w(CaOODSP)9.506236 |
| 856 | 40|ahttp://publications.gc.ca|qPDF|s4.52 MB|uhttps://publications.gc.ca/collections/collection_2013/rncan-nrcan/M44-2003-C6-eng.pdf|y2003-C6 |